[Event "Beth Harmon Ate My Dingo"]
[Site "SchemingMind.com"]
[Date "2020.12.19"]
[Round "-"]
[White "Steven DuCharme"]
[Black "Derek Price"]
[Result "0-1"]
[WhiteCountry "USA"]
[BlackCountry "ENG"]
[WhiteElo "1554"]
[WhiteRD "55"]
[BlackElo "2249"]
[BlackRD "74"]
[GameID "463578"]

1. e4 c5 2. Nf3 d6 3. Bb5+ Nd7 4. O-O a6 5. Be2 Ngf6 6. d3 e6 7. b3 Be7 8. Bb2 O-O 9. Nbd2 b5 10. c4 Bb7
11. a3 Re8 12. e5 dxe5 13. Nxe5 Nxe5 14. Bxe5 Bd6 15. Bg3 Bxg3 16. hxg3 Qd4 17. Nf3 Qd6 18. cxb5 axb5 19. d4 Red8 20. Bxb5 cxd4
21. a4 d3 22. Re1 Ne4 23. Rc1 d2 24. Nxd2 Nxd2 25. Be2 Qb4 26. Qc2 Nxb3 27. Rb1 Bd5 28. Red1 Rdc8 29. Qb2 Rc3
0-1

[Event "Beth Harmon Ate My Dingo"]
[Site "SchemingMind.com"]
[Date "2020.12.19"]
[Round "-"]
[White "Derek Price"]
[Black "Steven DuCharme"]
[Result "1-0"]
[WhiteCountry "ENG"]
[BlackCountry "USA"]
[WhiteElo "2259"]
[WhiteRD "72"]
[BlackElo "1581"]
[BlackRD "62"]
[GameID "463579"]

1. c4 Nf6 2. g3 b6 3. Bg2 c6 4. Nc3 Bb7 5. Nf3 e6 6. O-O d5 7. d3 Be7 8. Bf4 Nbd7 9. cxd5 exd5 10. e4 O-O
11. e5 Nh5 12. Bd2 Qc7 13. Rc1 Nxe5 14. Nxd5 Qd6 15. Nxe7+ Qxe7 16. Re1 f6 17. Nxe5
1-0

[Event "Beth Harmon Ate My Dingo"]
[Site "SchemingMind.com"]
[Date "2021.01.05"]
[Round "-"]
[White "Steven DuCharme"]
[Black "Transcendent"]
[Result "0-1"]
[WhiteCountry "USA"]
[BlackCountry "ENG"]
[WhiteElo "1554"]
[WhiteRD "55"]
[BlackElo "1902"]
[BlackRD "78"]
[GameID "464247"]

1. Nf3 d5 2. e3 Nf6 3. c4 c6 4. cxd5 cxd5 5. b3 Bg4 6. Bb2 e6 7. h3 Bh5 8. Be2 Nbd7 9. O-O Bd6 10. Na3 O-O
11. Rc1 a6 12. Nd4 Bxe2 13. Qxe2 Re8 14. g3 Qa5 15. Nb1 e5 16. Nf5 Bf8 17. Bc3 Qxa2 18. b4 d4
0-1

[Event "Beth Harmon Ate My Dingo"]
[Site "SchemingMind.com"]
[Date "2021.01.06"]
[Round "-"]
[White "Transcendent"]
[Black "Steven DuCharme"]
[Result "1-0"]
[WhiteCountry "ENG"]
[BlackCountry "USA"]
[WhiteElo "1984"]
[WhiteRD "68"]
[BlackElo "1571"]
[BlackRD "55"]
[GameID "464248"]

1. e4 c6 2. d4 d5 3. Nd2 dxe4 4. Nxe4 Nd7 5. Ng5 Ngf6 6. Bd3 h6 7. Ne6 Qa5+ 8. Bd2 Qb6 9. Nxf8 Nxf8 10. Bc3 Nd5
11. Qd2 Nxc3 12. Qxc3 Be6 13. Ne2 O-O-O 14. a4 a6 15. b4 Nd7 16. b5 a5 17. bxc6 bxc6 18. O-O Nb8 19. Rfb1 Qa7 20. Rb5 Kd7
21. Rxa5 Qb6 22. Nf4 g5 23. Nxe6 fxe6 24. Re5 Rhg8 25. a5 Qa7 26. Rae1
1-0

[Event "Beth Harmon Ate My Dingo"]
[Site "SchemingMind.com"]
[Date "2021.01.05"]
[Round "-"]
[White "Derek Price"]
[Black "Transcendent"]
[Result "1/2-1/2"]
[WhiteCountry "ENG"]
[BlackCountry "ENG"]
[WhiteElo "2188"]
[WhiteRD "68"]
[BlackElo "2065"]
[BlackRD "62"]
[GameID "464249"]

1. c4 e5 2. Nc3 Bb4 3. g3 Bxc3 4. bxc3 d6 5. Bg2 Ne7 6. d3 O-O 7. Nf3 c5 8. O-O Nbc6 9. Rb1 b6 10. e4 Be6
11. Ng5 Bd7 12. Qc2 h6 13. Nf3 f5 14. exf5 Bxf5 15. Nh4 Bh7 16. Qe2 Rc8 17. Re1 Qd7 18. Bb2 Rf7 19. Rbd1 Rcf8 20. Rf1 Nf5
21. Nf3 Re8= 22. Nd2 Nfe7 23. Ne4 Bf5 24. Rfe1 Ref8 25. f3 d5 26. cxd5 Nxd5 27. Rd2 Bh3 28. Bh1 Nc7 29. Nf2 Bf5 30. Bg2 Ne6
31. Qd1 b5 32. Ne4 a5 33. Rf1 b4 34. Rff2 Rd8 35. Qb3 Qe8 36. Qc4 a4 37. Nxc5 a3 38. Ba1 Rb8 39. Nxe6 Bxe6 40. Qc5 bxc3
41. Bxc3 Qe7 42. Qxe7 Rxe7 43. f4 Rc7 44. Rde2 Rb5 45. h3 Nb4 46. Bxb4 Rxb4 47. Kh2 Rc3 48. Rxe5 Rb2 49. Ree2 Rxd3 50. Rxb2 axb2
51. Rxb2 Ra3 52. g4 Rxa2= 53. Rxa2 Bxa2 54. h4 g5 55. hxg5 hxg5 56. f5 Kg7 57. Kg3 Kf6 58. Be4 Bb3 59. Bb7 Bc4 60. Kf3 Bb3
61. Bc8=
1/2-1/2

[Event "Beth Harmon Ate My Dingo"]
[Site "SchemingMind.com"]
[Date "2021.01.05"]
[Round "-"]
[White "Transcendent"]
[Black "Derek Price"]
[Result "1/2-1/2"]
[WhiteCountry "ENG"]
[BlackCountry "ENG"]
[WhiteElo "1984"]
[WhiteRD "68"]
[BlackElo "2240"]
[BlackRD "74"]
[GameID "464250"]

1. e4 c5 2. Nf3 d6 3. d4 cxd4 4. Nxd4 Nf6 5. Nc3 a6 6. Bg5 e6 7. f4 Be7 8. Qf3 Qc7 9. O-O-O Nbd7 10. g4 b5
11. Bxf6 Nxf6 12. g5 Nd7 13. f5 O-O 14. h4 b4 15. Nce2 Bb7 16. Bg2 Rac8 17. fxe6 fxe6 18. Qh3 e5 19. Qe6+=
1/2-1/2

[Event "Beth Harmon Ate My Dingo"]
[Site "SchemingMind.com"]
[Date "2021.01.15"]
[Round "-"]
[White "Steven DuCharme"]
[Black "Phillip Beckett"]
[Result "0-1"]
[WhiteCountry "USA"]
[BlackCountry "ENG"]
[WhiteElo "1571"]
[WhiteRD "55"]
[BlackElo "1445"]
[BlackRD "50"]
[GameID "464522"]

1. Nf3 Nf6 2. c4 g6 3. Nc3 Bg7 4. g3 d6 5. Bg2 O-O 6. O-O Nbd7 7. d4 c6 8. e4 c5 9. Be3 cxd4 10. Nxd4 Nc5
11. b4 Ncd7 12. a4 Nb6 13. Qb3 Bd7 14. a5 Nc8 15. h3 b6 16. axb6 Nxb6 17. e5 dxe5 18. Bxa8 Qxa8 19. Ndb5 Bxh3 20. f3 Bxf1
21. Rxf1 e4 22. Bxb6 axb6 23. fxe4 Nxe4 24. Nxe4 Qxe4 25. c5 bxc5 26. bxc5 Bd4+ 27. Nxd4 Qxd4+ 28. Kg2 Qe4+ 29. Kh2 Qe2+ 30. Kg1 Qe5
31. c6 Qd4+ 32. Kh2 Qd2+ 33. Kh1 Qd6 34. Qc3 Rc8 35. Qc4 e6 36. Qa6 Qxc6+
0-1

[Event "Beth Harmon Ate My Dingo"]
[Site "SchemingMind.com"]
[Date "2021.01.15"]
[Round "-"]
[White "Phillip Beckett"]
[Black "Steven DuCharme"]
[Result "0-1"]
[WhiteCountry "ENG"]
[BlackCountry "USA"]
[WhiteElo "1453"]
[WhiteRD "52"]
[BlackElo "1609"]
[BlackRD "59"]
[GameID "464523"]

1. e4 c6 2. Nf3 e6 3. d4 d5 4. exd5 exd5 5. Bd3 h6 6. O-O Nf6 7. Re1+ Be7 8. c3 O-O 9. Ne5 Nbd7 10. Nxd7 Bxd7
11. Bf4 Re8 12. Nd2 Bf8 13. Rxe8 Qxe8 14. Qe1 Qxe1+ 15. Rxe1 Re8 16. Rxe8 Nxe8 17. Nf3 a6 18. Ne5 Be6 19. Nf3 g5 20. Bc1 Be7
21. Ne5 Nf6 22. g3 Ne4 23. f3 Nd6 24. f4 Nf5 25. fxg5 hxg5 26. Nf3 f6 27. g4 Nh4 28. Nxh4 gxh4 29. h3 c5 30. Kf2 c4
31. Bc2 b5 32. Kg2 a5 33. g5 fxg5 34. a4 Bd7 35. Bg6 bxa4 36. Bc2 g4 37. hxg4 Bxg4 38. Bxa4 Be6 39. Bf4 Bd8 40. Be5 Kh7
41. Kh2 Bg5 42. Bc7 Bc1 43. Bxa5 Bxb2 44. Be8 Kh6 45. Bb4 Kg5 46. Kg2 Bf5 47. Be7+ Kg4 48. Bb4 Be4+ 49. Kh2 Bc1 50. Bd7+ Kf3
51. Kh3 Ke3 52. Kxh4 Kd3 53. Bh3 Bb2 54. Bf1+ Kc2 55. Bxc4 dxc4 56. Kg4 Bxc3 57. Bc5 Kd3 58. Kf4 Bxd4
0-1

[Event "Beth Harmon Ate My Dingo"]
[Site "SchemingMind.com"]
[Date "2021.01.14"]
[Round "-"]
[White "Derek Price"]
[Black "Phillip Beckett"]
[Result "1-0"]
[WhiteCountry "ENG"]
[BlackCountry "ENG"]
[WhiteElo "2240"]
[WhiteRD "74"]
[BlackElo "1445"]
[BlackRD "50"]
[GameID "464524"]

1. c4 d5 2. Nf3 e6 3. d4 Nf6 4. Nc3 Be7 5. Bf4 c6 6. e3 O-O 7. h3 Nbd7 8. Qc2 dxc4 9. Bxc4 Nb6 10. Be2 Nbd5
11. Be5 Nxc3 12. bxc3 Bd6 13. O-O Bxe5 14. Nxe5 Nd7 15. Nf3 Re8 16. Bd3 g6 17. e4 Nf6 18. Rfe1 Nh5 19. Qd2 f5 20. exf5 exf5
21. Qh6 Bd7 22. Bc4+ Kh8 23. Ng5 Rxe1+ 24. Rxe1 Nf6 25. Nf7+
1-0

[Event "Beth Harmon Ate My Dingo"]
[Site "SchemingMind.com"]
[Date "2021.01.14"]
[Round "-"]
[White "Phillip Beckett"]
[Black "Derek Price"]
[Result "0-1"]
[WhiteCountry "ENG"]
[BlackCountry "ENG"]
[WhiteElo "1445"]
[WhiteRD "50"]
[BlackElo "2240"]
[BlackRD "74"]
[GameID "464525"]

1. d4 d5 2. e3 c6 3. Bd3 Nf6 4. f4 e6 5. Nf3 Be7 6. O-O O-O 7. Ne5 c5 8. c3 Qc7 9. Nd2 Nbd7 10. Nxd7 Nxd7
11. Kh1 Nf6 12. Qe2 Bd7 13. e4 dxe4 14. Nxe4 cxd4 15. cxd4 Nxe4 16. Bxe4 Bc6 17. Bxc6 Qxc6 18. Be3 Rac8 19. Rfc1 Qe4 20. Qd2 g6
21. f5 Rxc1+ 22. Rxc1 exf5 23. Bh6 Rd8 24. Be3 Bf6 25. d5 Qxd5 26. Qxd5 Rxd5 27. b3 Kg7 28. Bxa7 Ra5 29. Bg1 Rxa2 30. h3 Rb2
31. Rc7 Rxb3
0-1

[Event "Beth Harmon Ate My Dingo"]
[Site "SchemingMind.com"]
[Date "2021.01.14"]
[Round "-"]
[White "Phillip Beckett"]
[Black "Transcendent"]
[Result "0-1"]
[WhiteCountry "ENG"]
[BlackCountry "ENG"]
[WhiteElo "1445"]
[WhiteRD "50"]
[BlackElo "1984"]
[BlackRD "68"]
[GameID "464526"]

1. d4 d5 2. e3 Nf6 3. Bd3 c5 4. c3 Nc6 5. f4 Bg4 6. Nf3 e6 7. O-O Bd6 8. Qe1 Rc8 9. Ne5 Bf5 10. Bxf5 exf5
11. Nd2 O-O 12. Qh4 Ne7 13. Ndf3 Ne4 14. Bd2 c4 15. Be1 f6 16. Nxc4 Rxc4 17. Nd2 Nxd2 18. Bxd2 Nc8 19. Rf3 Qe7 20. Rh3 g6
21. b3 Rc6 22. c4 dxc4 23. bxc4 Rxc4 24. Rb1 Nb6 25. Bc1 Rfc8 26. Bb2 Rc2 27. Ba1 Rc1+ 28. Rxc1 Rxc1+ 29. Kf2 Rxa1 30. Kf3 Qe4+
0-1

[Event "Beth Harmon Ate My Dingo"]
[Site "SchemingMind.com"]
[Date "2021.01.14"]
[Round "-"]
[White "Transcendent"]
[Black "Phillip Beckett"]
[Result "1-0"]
[WhiteCountry "ENG"]
[BlackCountry "ENG"]
[WhiteElo "2009"]
[WhiteRD "64"]
[BlackElo "1453"]
[BlackRD "52"]
[GameID "464527"]

1. e4 e5 2. Nf3 Nc6 3. Bb5 a6 4. Ba4 Nf6 5. O-O Be7 6. Re1 b5 7. Bb3 O-O 8. h3 d5 9. exd5 Nxd5 10. Nxe5 Nxe5
11. Rxe5 Nf6 12. d4 Bd6 13. Re1 Ng4 14. hxg4 Qh4 15. Re5 Bxg4 16. g3 Qh3 17. Qf1 Bxe5 18. Qxh3 Bxh3 19. dxe5 Rad8 20. c3 c5
21. Be3 c4 22. Bc2 Bg4 23. Nd2 f6 24. exf6 Rxf6 25. Kg2 Rfd6 26. Nf3 Rf8 27. Ne5 Bc8 28. Bc5 Rd2 29. Bxf8 Rxc2 30. Ba3 Bb7+
31. Kg1 Re2 32. Rd1 Rxe5 33. Rd8+ Kf7 34. Rd7+ Kg6 35. Rxb7 Re6 36. Bf8 Re1+ 37. Kg2
1-0

[Event "Beth Harmon Ate My Dingo"]
[Site "SchemingMind.com"]
[Date "2021.01.18"]
[Round "-"]
[White "Steven DuCharme"]
[Black "Daniel Dubé"]
[Result "1/2-1/2"]
[WhiteCountry "USA"]
[BlackCountry "CAN"]
[WhiteElo "1571"]
[WhiteRD "55"]
[BlackElo "1625"]
[BlackRD "59"]
[GameID "464624"]

1. Nf3 Nf6 2. g3 g6 3. Bg2 Bg7 4. O-O O-O 5. c3 d5 6. d4 c6 7. Re1 Ne4 8. Nbd2 Nxd2 9. Bxd2 Bg4 10. h3 Bxf3
11. Bxf3 e5 12. e4 exd4 13. cxd4 dxe4 14. Bxe4 Nd7 15. Bc3 Nf6 16. Bf3 Qd7 17. d5 cxd5 18. Bxf6 Bxf6 19. Qxd5 Rad8 20. Qxb7 Qxb7
21. Bxb7 Bxb2 22. Rab1 Bd4 23. Red1 Bb6 24. a4 Rxd1+ 25. Rxd1 Rd8 26. Rxd8+ Bxd8 27. f4 Bb6+ 28. Kg2=
1/2-1/2

[Event "Beth Harmon Ate My Dingo"]
[Site "SchemingMind.com"]
[Date "2021.01.18"]
[Round "-"]
[White "Daniel Dubé"]
[Black "Steven DuCharme"]
[Result "0-1"]
[WhiteCountry "CAN"]
[BlackCountry "USA"]
[WhiteElo "1625"]
[WhiteRD "59"]
[BlackElo "1571"]
[BlackRD "55"]
[GameID "464625"]

1. d4 Nf6 2. c4 e6 3. Nc3 b6 4. e4 Bb7 5. f3 Bb4 6. Ne2 O-O 7. a3 Be7 8. Ng3 h6 9. Be3 d6 10. Bd3 Nbd7
11. O-O Re8 12. Qc2 Bf8 13. f4 Ng4 14. Bd2 f5 15. exf5 Nxh2 16. Kxh2 Qh4+ 17. Kg1 Qxg3 18. fxe6 Rxe6 19. Rf2 Rae8 20. Raf1 Nf6
21. Bg6 R8e7 22. f5 Ng4 23. fxe6 Qh2#
0-1

[Event "Beth Harmon Ate My Dingo"]
[Site "SchemingMind.com"]
[Date "2021.01.18"]
[Round "-"]
[White "Derek Price"]
[Black "Daniel Dubé"]
[Result "1-0"]
[WhiteCountry "ENG"]
[BlackCountry "CAN"]
[WhiteElo "2236"]
[WhiteRD "79"]
[BlackElo "1645"]
[BlackRD "59"]
[GameID "464626"]

1. c4 e5 2. Nc3 Nf6 3. Nf3 Nc6 4. g3 Bc5 5. Bg2 d6 6. d3 O-O 7. O-O h6 8. Na4 Bg4 9. Nxc5 dxc5 10. Be3 Qe7
11. Re1 Rfd8 12. Qb3 Rab8 13. Qb5 a6 14. Qxc5 Qxc5 15. Bxc5 e4 16. dxe4 Bxf3 17. exf3 b6 18. Be3 Ne5 19. b3 Nd3 20. Red1 Nc5
21. e5 Ne8 22. f4 Ne6 23. f5 Ng5 24. h4 f6 25. hxg5 hxg5 26. f4 gxf4 27. gxf4
1-0

[Event "Beth Harmon Ate My Dingo"]
[Site "SchemingMind.com"]
[Date "2021.01.18"]
[Round "-"]
[White "Daniel Dubé"]
[Black "Derek Price"]
[Result "0-1"]
[WhiteCountry "CAN"]
[BlackCountry "ENG"]
[WhiteElo "1645"]
[WhiteRD "59"]
[BlackElo "2236"]
[BlackRD "79"]
[GameID "464627"]

1. d4 d5 2. c4 c6 3. Nf3 Nf6 4. Qc2 g6 5. Nc3 Bg7 6. e3 O-O 7. Be2 Bf5 8. Qb3 Qb6 9. c5 Qxb3 10. axb3 Nbd7
11. b4 Ne4 12. Nxe4 Bxe4 13. O-O e5 14. b5 Bxf3 15. gxf3 exd4 16. bxc6 bxc6 17. exd4 Bxd4 18. Be3 Bxb2 19. Ra6 Rfc8 20. Rb1 Bc3
21. Rb3 d4 22. Bxd4 Bxd4 23. Rd3 Bxf2+ 24. Kxf2 Nxc5 25. Rda3 Nxa6 26. Rxa6 c5 27. f4 c4
0-1

[Event "Beth Harmon Ate My Dingo"]
[Site "SchemingMind.com"]
[Date "2021.01.18"]
[Round "-"]
[White "Phillip Beckett"]
[Black "Daniel Dubé"]
[Result "0-1"]
[WhiteCountry "ENG"]
[BlackCountry "CAN"]
[WhiteElo "1445"]
[WhiteRD "50"]
[BlackElo "1625"]
[BlackRD "59"]
[GameID "464628"]

1. d4 Nf6 2. e3 c5 3. Bd3 d5 4. c3 e6 5. f4 Nc6 6. Nf3 Be7 7. Nbd2 O-O 8. O-O b6 9. Ne5 Bb7 10. e4 cxd4
11. Nxc6 Bxc6 12. cxd4 dxe4 13. Nxe4 Nxe4 14. Qc2 Qxd4+ 15. Kh1 f5 16. Bxe4 Qxe4 17. Qxe4 Bxe4 18. Be3 Rac8 19. Rac1 Bf6 20. b3 Bb2
21. Rxc8 Rxc8 22. h3 Rc2 23. Rf2 Rxf2
0-1

[Event "Beth Harmon Ate My Dingo"]
[Site "SchemingMind.com"]
[Date "2021.01.18"]
[Round "-"]
[White "Daniel Dubé"]
[Black "Phillip Beckett"]
[Result "1-0"]
[WhiteCountry "CAN"]
[BlackCountry "ENG"]
[WhiteElo "1625"]
[WhiteRD "59"]
[BlackElo "1445"]
[BlackRD "50"]
[GameID "464629"]

1. d4 d5 2. c4 e6 3. Nf3 Nf6 4. g3 Be7 5. Bg2 c6 6. Qc2 O-O 7. O-O Nbd7 8. b3 Re8 9. Ba3 Bxa3 10. Nxa3 Nb6
11. c5 Nbd7 12. b4 a5 13. b5 e5 14. bxc6 e4 15. cxd7 Bxd7 16. Ne5 Bc6 17. f3 exf3 18. exf3 Nd7 19. Nxc6 bxc6 20. Qa4 Qc7
21. Rfe1 Nf6 22. Nc2 Kf8 23. Rxe8+ Rxe8 24. Re1 Rxe1+ 25. Nxe1 Qb7 26. Qb3 Qa7 27. Qb6 Qa8 28. Nd3 Kg8 29. Ne5 g6 30. Qxc6
1-0

[Event "Beth Harmon Ate My Dingo"]
[Site "SchemingMind.com"]
[Date "2021.01.18"]
[Round "-"]
[White "Transcendent"]
[Black "Daniel Dubé"]
[Result "1-0"]
[WhiteCountry "ENG"]
[BlackCountry "CAN"]
[WhiteElo "1984"]
[WhiteRD "68"]
[BlackElo "1625"]
[BlackRD "59"]
[GameID "464630"]

1. d4 Nf6 2. c4 e6 3. g3 d5 4. Nf3 dxc4 5. Bg2 Bd7 6. Ne5 Bc6 7. Nxc6 Nxc6 8. O-O Qd7 9. e3 O-O-O 10. Nc3 h5
11. b3 h4 12. bxc4 hxg3 13. hxg3 Be7 14. Qa4 Ng4 15. Nb5 a6 16. Bxc6 bxc6 17. Qxa6+
1-0

[Event "Beth Harmon Ate My Dingo"]
[Site "SchemingMind.com"]
[Date "2021.01.18"]
[Round "-"]
[White "Daniel Dubé"]
[Black "Transcendent"]
[Result "0-1"]
[WhiteCountry "CAN"]
[BlackCountry "ENG"]
[WhiteElo "1650"]
[WhiteRD "61"]
[BlackElo "2041"]
[BlackRD "67"]
[GameID "464631"]

1. e4 e5 2. Nf3 Nc6 3. d4 exd4 4. Bc4 Nf6 5. e5 d5 6. exf6 dxc4 7. O-O Qxf6 8. Re1+ Be6 9. Bg5 Qf5 10. Bh4 Bc5
11. c3 d3 12. Nbd2 O-O 13. Ne4 Bb6 14. Nfg5 Rfe8 15. Nxe6 Rxe6 16. Ng5 Bxf2+ 17. Bxf2 Qxg5 18. b3 Rxe1+ 19. Qxe1 Rd8 20. Be3 Qg4
21. Qf2 Ne5 22. Rf1 f6 23. Bd4 Nc6 24. bxc4 Nxd4 25. cxd4 Qxd4 26. Qxd4 Rxd4 27. Rd1 Kf7 28. Kf2 c5 29. Ke3 Ke6 30. Rb1 b6
0-1

[Event "Beth Harmon Ate My Dingo"]
[Site "SchemingMind.com"]
[Date "2021.01.19"]
[Round "-"]
[White "Steven DuCharme"]
[Black "Gilligan"]
[Result "1-0"]
[WhiteCountry "USA"]
[BlackCountry "USA"]
[WhiteElo "1571"]
[WhiteRD "55"]
[BlackElo "1680"]
[BlackRD "57"]
[GameID "464659"]

1. g3 e5 2. b3 d5 3. Bg2 Nf6 4. Bb2 Bd6 5. Nf3 Nbd7 6. d3 O-O 7. O-O d4 8. Nbd2 c5 9. Nc4 Qc7 10. Nxd6 Qxd6
11. c4 Rb8 12. a4 b6 13. e4 h5 14. Bh3 Nh7 15. Qd2 Ndf6 16. Nxe5 Qxe5 17. Bxc8 Rbxc8 18. f4 Qc7 19. h3 Qe7 20. e5 Ne8
21. Rae1 Rc6 22. Qe2 Rg6 23. Kh2 h4 24. g4 Rc6 25. Qe4 Qd7 26. g5 Rg6 27. Bc1 Rc6 28. f5 g6 29. f6 Nc7 30. Qxh4 Ne6
31. Qh6
1-0

[Event "Beth Harmon Ate My Dingo"]
[Site "SchemingMind.com"]
[Date "2021.01.19"]
[Round "-"]
[White "Gilligan"]
[Black "Steven DuCharme"]
[Result "1-0"]
[WhiteCountry "USA"]
[BlackCountry "USA"]
[WhiteElo "1680"]
[WhiteRD "57"]
[BlackElo "1571"]
[BlackRD "55"]
[GameID "464660"]

1. e4 c5 2. Nf3 e6 3. d4 cxd4 4. Nxd4 a6 5. Nc3 b6 6. Be2 Bb7 7. O-O Nc6 8. Be3 Nge7 9. Qd2 Ng6 10. a3 Be7
11. f3 O-O 12. Nd1 Nxd4 13. Bxd4 Rc8 14. c4 e5 15. Bc3 Nf4 16. Bxe5 Nxe2+ 17. Qxe2 Bc5+ 18. Kh1 Re8 19. Bc3 d5 20. cxd5 Bxd5
21. Qxa6 Ra8 22. Qe2 Ra4 23. Qc2 Ra8 24. exd5 Qxd5 25. Nf2 f5 26. Rad1 Qf7 27. Nd3 Rad8 28. Nxc5 bxc5 29. Rxd8 Rxd8 30. b4 cxb4
31. Bxb4 Rb8 32. Re1 g6 33. Qd2
1-0

[Event "Beth Harmon Ate My Dingo"]
[Site "SchemingMind.com"]
[Date "2021.01.19"]
[Round "-"]
[White "Derek Price"]
[Black "Gilligan"]
[Result "1-0"]
[WhiteCountry "ENG"]
[BlackCountry "USA"]
[WhiteElo "2240"]
[WhiteRD "74"]
[BlackElo "1680"]
[BlackRD "57"]
[GameID "464661"]

1. c4 e5 2. Nc3 Nf6 3. Nf3 d6 4. g3 Be7 5. Bg2 O-O 6. O-O Nbd7 7. d3 Rb8 8. Bd2 c6 9. Qc2 d5 10. cxd5 cxd5
11. Rfc1 b6 12. d4 e4 13. Nh4 Ba6 14. Nf5 Rc8 15. Qb3 Bb7 16. Nb5 Ba6 17. Rxc8 Qxc8 18. Nxe7+
1-0

[Event "Beth Harmon Ate My Dingo"]
[Site "SchemingMind.com"]
[Date "2021.01.19"]
[Round "-"]
[White "Gilligan"]
[Black "Derek Price"]
[Result "0-1"]
[WhiteCountry "USA"]
[BlackCountry "ENG"]
[WhiteElo "1680"]
[WhiteRD "57"]
[BlackElo "2240"]
[BlackRD "74"]
[GameID "464662"]

1. e4 c5 2. Nf3 d6 3. d4 cxd4 4. Nxd4 Nf6 5. Nc3 a6 6. Be3 e5 7. Nf3 Be7 8. Qd2 O-O 9. O-O-O Qc7 10. Kb1 Nbd7
11. Bd3 b5 12. h4 Nc5 13. Rdg1 Bb7 14. Ng5 h6 15. g4 Nxd3 16. cxd3 d5 17. d4 b4 18. Na4 hxg5 19. f3 exd4 20. Bxd4 Qf4
21. Be3 Qxf3 22. hxg5 Nxg4 23. Rxg4 Qxh1+ 24. Rg1 Qxe4+ 25. Ka1 Rac8 26. Rd1 d4 27. Bf4 Rc2 28. Qh2 Rxh2
0-1

[Event "Beth Harmon Ate My Dingo"]
[Site "SchemingMind.com"]
[Date "2021.01.18"]
[Round "-"]
[White "Gilligan"]
[Black "Phillip Beckett"]
[Result "1-0"]
[WhiteCountry "USA"]
[BlackCountry "ENG"]
[WhiteElo "1683"]
[WhiteRD "60"]
[BlackElo "1440"]
[BlackRD "48"]
[GameID "464663"]

1. e4 e5 2. Nf3 Nc6 3. d4 exd4 4. Nxd4 Bc5 5. c3 Qf6 6. Be3 Nge7 7. b4 Nxd4 8. cxd4 Bxb4+ 9. Nd2 Bxd2+ 10. Qxd2 c6
11. Bd3 d5 12. e5 Qh4 13. Qb4 O-O 14. g3 Qh3 15. Qxe7 Qg2 16. Kd2 c5 17. Rag1 Qf3 18. Qh4 g6 19. Be2 Qe4 20. Qxe4 dxe4
21. d5 b6 22. f4 Bf5 23. g4 Bd7 24. f5 gxf5 25. gxf5+ Kh8 26. Bg5 h5 27. Bf6+ Kh7 28. Rg5 Bxf5 29. Rxh5+ Kg8 30. Rg1+ Bg6
31. Rh8#
1-0

[Event "Beth Harmon Ate My Dingo"]
[Site "SchemingMind.com"]
[Date "2021.01.18"]
[Round "-"]
[White "Phillip Beckett"]
[Black "Gilligan"]
[Result "0-1"]
[WhiteCountry "ENG"]
[BlackCountry "USA"]
[WhiteElo "1440"]
[WhiteRD "48"]
[BlackElo "1683"]
[BlackRD "60"]
[GameID "464664"]

1. e4 e5 2. f4 d5 3. exd5 e4 4. Nc3 Nf6 5. Bb5+ c6 6. dxc6 bxc6 7. Be2 Qd4 8. d3 Bb4 9. Bd2 Bc5 10. Nxe4 Nxe4
11. Bc3 Qf2#
0-1

[Event "Beth Harmon Ate My Dingo"]
[Site "SchemingMind.com"]
[Date "2021.01.19"]
[Round "-"]
[White "Gilligan"]
[Black "Transcendent"]
[Result "0-1"]
[WhiteCountry "USA"]
[BlackCountry "ENG"]
[WhiteElo "1725"]
[WhiteRD "56"]
[BlackElo "2041"]
[BlackRD "67"]
[GameID "464665"]

1. e4 e6 2. d4 d5 3. exd5 exd5 4. Nf3 Nf6 5. Bd3 Be7 6. O-O O-O 7. h3 Nbd7 8. b3 c5 9. c4 cxd4 10. Nxd4 dxc4
11. Bxc4 Ne5 12. Bb2 Nxc4 13. bxc4 Qb6 14. Bc3 Rd8 15. Re1 Bc5 16. Kh1 Bxd4 17. Bxd4 Rxd4 18. Qc2 Be6 19. Nd2 Rad8 20. Rad1 Qc7
21. Nf3 Rxd1 22. Rxd1 Rxd1+ 23. Qxd1 h6 24. c5 Qxc5 25. a4 Qxf2 26. Qd3 Nd5 27. Qb1 Ne3 28. Qg1 Qxg1+ 29. Kxg1 Bb3 30. a5 Nc4
31. Ne1 Nxa5 32. Kf2 b5 33. Ke2 Bd5 34. g3 Nb3 35. Kd3 b4 36. Kc2 a5 37. Kb2 Nc5 38. g4 a4 39. Nc2 a3+ 40. Ka1 Nd3
41. Kb1 a2+
0-1

[Event "Beth Harmon Ate My Dingo"]
[Site "SchemingMind.com"]
[Date "2021.01.19"]
[Round "-"]
[White "Transcendent"]
[Black "Gilligan"]
[Result "1-0"]
[WhiteCountry "ENG"]
[BlackCountry "USA"]
[WhiteElo "2041"]
[WhiteRD "67"]
[BlackElo "1725"]
[BlackRD "56"]
[GameID "464666"]

1. d4 d5 2. c4 e6 3. Nf3 c6 4. e3 Nf6 5. b3 Nbd7 6. Bb2 c5 7. cxd5 Nxd5 8. e4 N5f6 9. e5 Nd5 10. Bc4 N7b6
11. Nbd2 Be7 12. O-O O-O 13. Re1 cxd4 14. Nxd4 Nxc4 15. Nxc4 Bd7 16. Qd3 Bc5 17. Rad1 Bxd4 18. Qxd4 Qg5 19. Bc1 Qe7 20. Ba3 Qg5
21. Bxf8 Rxf8 22. h4 Qe7 23. Qxa7 Bc6 24. Na5 Bb5 25. Qxb7 Bd7 26. h5 f6 27. Nc4 f5 28. a4 Qd8 29. Rxd5 exd5 30. Qxd5+ Kh8
31. e6 Bxe6 32. Qxd8 Rxd8 33. Rxe6 Kg8 34. Nd6 Rb8 35. Re8+ Rxe8 36. Nxe8 Kf7 37. Nxg7 Kxg7 38. a5
1-0

[Event "Beth Harmon Ate My Dingo"]
[Site "SchemingMind.com"]
[Date "2021.01.18"]
[Round "-"]
[White "Gilligan"]
[Black "Daniel Dubé"]
[Result "1-0"]
[WhiteCountry "USA"]
[BlackCountry "CAN"]
[WhiteElo "1680"]
[WhiteRD "57"]
[BlackElo "1625"]
[BlackRD "59"]
[GameID "464667"]

1. e4 e5 2. Nf3 Nc6 3. Bc4 Nf6 4. d4 exd4 5. Nxd4 Nxd4 6. Qxd4 Be7 7. e5 Ng8 8. Qd5 Nh6 9. Bxh6 O-O 10. Be3 c6
11. Qd3 d5 12. Bb3 g6 13. Nd2 Bg5 14. Nf3 Bxe3 15. Qxe3 Re8 16. O-O-O Be6 17. h4 Rc8 18. Qh6 f5 19. h5 Bf7 20. Ng5 Qd7
21. Qxh7+ Kf8 22. hxg6 Be6 23. Qh8+ Ke7 24. Qf6#
1-0

[Event "Beth Harmon Ate My Dingo"]
[Site "SchemingMind.com"]
[Date "2021.01.18"]
[Round "-"]
[White "Daniel Dubé"]
[Black "Gilligan"]
[Result "0-1"]
[WhiteCountry "CAN"]
[BlackCountry "USA"]
[WhiteElo "1625"]
[WhiteRD "59"]
[BlackElo "1680"]
[BlackRD "57"]
[GameID "464668"]

1. e4 e5 2. Nf3 Nc6 3. d4 exd4 4. Bc4 d6 5. Nxd4 Bd7 6. Nc3 Nf6 7. O-O Be7 8. f4 h5 9. h3 Qc8 10. f5 Na5
11. Bd3 c5 12. Nf3 Nc6 13. Bg5 Ne5 14. Nxe5 dxe5 15. Bxf6 Bxf6 16. Nd5 Bd8 17. f6 gxf6 18. Nxf6+ Bxf6 19. Rxf6 Be6 20. Bb5+ Ke7
21. Qf3 c4 22. Rf1 Rh7 23. b3 Qc5+ 24. Kh1 Qxb5 25. Rxe6+ fxe6 26. Qf6+ Kd7 27. Rd1+ Kc7 28. bxc4 Qc5 29. Rf1 Rd8 30. Qg6 Rhd7
0-1